| 000 | 01379nkm a2200289 i 4500 | ||
|---|---|---|---|
| 001 | 4160 | ||
| 003 | ES-MaACL | ||
| 005 | 20250713062936.0 | ||
| 007 | khrbo | ||
| 008 | 070628s1987 sp --- g |001||spa d | ||
| 100 | 0 |
_aAlfonso, _d1902-1990 _919858 |
|
| 245 | 1 | 4 |
_aLos personajes secundarios en la trama novelesca de "Fortunata y Jacinta" [ _hFotografía] / _cAlfonso (sello). |
| 260 |
_a[S.l. : _bs.n.], _c1987. |
||
| 300 |
_a2 fot. : _bb. y n. ; _c12 x 18 cm. |
||
| 490 | 1 | _aCiclo galdosiano: centenario de "Fortunata y Jacinta" | |
| 500 | _aDatos basados en invitación. | ||
| 511 | 0 | _aInterviene: María Acosta Peña. | |
| 518 | _aActo organizado por el Ateneo de Madrid en colaboración con la Facultad de Ciencias de la Información de la Universidad Complutense de Madrid, celebrado en el salón de actos el sábado, 28 de noviembre de 1987, a las 11:00 h. | ||
| 600 | 1 | 4 |
_aAcosta Peña, María. _918318 |
| 610 | 2 | 4 |
_aAteneo de Madrid- _xActos culturales- _y1987- _vFotografías. _91902 |
| 710 | 2 |
_aAteneo de Madrid. _91875 |
|
| 710 | 2 |
_aUniversidad Complutense de Madrid. _bFacultad de Ciencias de la Información. _97114 |
|
| 830 | 0 |
_aCiclo galdosiano: centenario de "Fortunata y Jacinta" _9177008 |
|
| 852 |
_aES-MaACL _jFOT 225/1987 |
||
| 856 | 4 |
_uhttp://www.ateneodemadrid.net/biblioteca_digital/imagenes/1987/0225-1987.jpg _zVer imagen |
|
| 999 |
_c4160 _d4160 |
||